00471nam a2200121Ia 4500008004100000020001800041050002300059110005000082245003900132260004500171300002000216650011300236120721s9999 xx 000 0 und d a970-676-662-6 aHJ1966.A5 M49 2004 aMéxico [Código Fiscal de la Federación] aCódigo Fiscal de la Federación aMéxico : Ediciones Fiscales ISEF, 2004 a315 p. ; 17 cm. a1. Impuestos - Leyes y legislación - México 2. Finanzas públicas - Leyes y legislación - MéxicoÌ